<?xml version="1.0" encoding="UTF-8"?>
<record
    xmlns:xsi="http://www.w3.org/2001/XMLSchema-instance"
    xsi:schemaLocation="http://www.loc.gov/MARC21/slim http://www.loc.gov/standards/marcxml/schema/MARC21slim.xsd"
    xmlns="http://www.loc.gov/MARC21/slim">

  <leader>00796nam a22001457a 4500</leader>
  <datafield tag="999" ind1=" " ind2=" ">
    <subfield code="c">524533</subfield>
    <subfield code="d">524533</subfield>
  </datafield>
  <controlfield tag="008">231218b           ||||| |||| 00| 0 eng d</controlfield>
  <datafield tag="100" ind1=" " ind2=" ">
    <subfield code="a">Chindy, Sujan </subfield>
    <subfield code="9">46173</subfield>
  </datafield>
  <datafield tag="245" ind1=" " ind2=" ">
    <subfield code="a">India&#x2019;s growing stature: A rising power </subfield>
  </datafield>
  <datafield tag="260" ind1=" " ind2=" ">
    <subfield code="a">Yojana  </subfield>
  </datafield>
  <datafield tag="300" ind1=" " ind2=" ">
    <subfield code="a">67(12), Dec, 2023: p.11-22</subfield>
  </datafield>
  <datafield tag="520" ind1=" " ind2=" ">
    <subfield code="a">There has been tremendous change in India&#x2019;s trajectory over the last nine eyars. India has now entered the period of Kartavya Kaal, which will provide a golden opportunity for India to achieve unprecedented levels of scientific, technological, economic and social progre3ss. Today, India has emerged as a Vishwa Mitra (global friend), a Vishwa Guru ( global techer0 and a Vsihawa Vaid ( Global physician). &#x2013; Reproduced </subfield>
  </datafield>
  <datafield tag="773" ind1=" " ind2=" ">
    <subfield code="a">Yojana  </subfield>
  </datafield>
  <datafield tag="906" ind1=" " ind2=" ">
    <subfield code="a">ECONOMIC DEVELOPMENT</subfield>
  </datafield>
  <datafield tag="942" ind1=" " ind2=" ">
    <subfield code="c">AR</subfield>
  </datafield>
  <datafield tag="952" ind1=" " ind2=" ">
    <subfield code="0">0</subfield>
    <subfield code="1">0</subfield>
    <subfield code="2">ddc</subfield>
    <subfield code="4">0</subfield>
    <subfield code="7">0</subfield>
    <subfield code="9">399588</subfield>
    <subfield code="a">IIPA</subfield>
    <subfield code="b">IIPA</subfield>
    <subfield code="d">2023-12-18</subfield>
    <subfield code="h">67(12), Dec, 2023: p.11-22</subfield>
    <subfield code="p">AR130359</subfield>
    <subfield code="r">2023-12-18</subfield>
    <subfield code="y">AR</subfield>
  </datafield>
</record>
